Haqiqat-E-nifaq (Record no. 2382)

MARC details
000 -LEADER
fixed length control field 00540nam a2200229 a 4500
020 ## - INTERNATIONAL STANDARD BOOK NUMBER
ISBN
082 00 - DEWEY DECIMAL CLASSIFICATION NUMBER
Classification number 297.2
Author Cutter ISL3
100 ## - MAIN ENTRY--AUTHOR NAME
Author name Islahi, Sadruddin
245 ## - TITLE STATEMENT
Title Haqiqat-E-nifaq
260 ## - PUBLICATION, DISTRIBUTION, ETC. (IMPRINT)
Place of publication Rampur
Name of publisher No Publisher
Year of publication 1958
300 ## - PHYSICAL DESCRIPTION
Number of Pages 135p
500 ## - GENERAL NOTE
General note includes index and biblioraphy
650 ## - SUBJECT ADDED ENTRY--TOPICAL TERM
Topical Term Islam-Doctrines
942 ## - ADDED ENTRY ELEMENTS (KOHA)
Koha item type Books
700 1# -
-- Islahi, Sadruddin
Holdings
Collection code Home library Current library Date acquired Cost, normal purchase price Full call number Accession Number Koha item type
  Henry Martyn Institute Library Henry Martyn Institute Library 07/13/2007 1.50 297.2 ISL3 02963 Books
                   Copyright © 2026 | Henry Martyn Institute | Hyderabad | TS-500052 | INDIA | Implemented by hmi.edu.in
Hit-Count:

Powered by Koha